Taxmann's direct taxes : (Record no. 140655)
[ view plain ]
| 000 -LEADER | |
|---|---|
| fixed length control field | 00862nam a22002057a 4500 |
| 005 - DATE AND TIME OF LATEST TRANSACTION | |
| control field | 20170601101113.0 |
| 020 ## - INTERNATIONAL STANDARD BOOK NUMBER | |
| International Standard Book Number | 9789386394132 |
| Terms of availability | 1275.00 |
| 035 ## - SYSTEM CONTROL NUMBER | |
| System control number | B-666067 |
| 037 ## - SOURCE OF ACQUISITION | |
| Stock number | dpl |
| Source of stock number/acquisition | Variety/Ven |
| 082 ## - DEWEY DECIMAL CLASSIFICATION NUMBER | |
| Classification number | 343.5404 |
| 100 ## - MAIN ENTRY--PERSONAL NAME | |
| Personal name | Singhania, Vinod K. |
| 245 ## - TITLE STATEMENT | |
| Title | Taxmann's direct taxes : |
| Statement of responsibility, etc | by Vinod Kumar Singhania [and] Kapil Singhania |
| Remainder of title | law & practice with special refrence to tax planning / |
| 250 ## - EDITION STATEMENT | |
| Edition statement | 57th ed |
| 260 ## - PUBLICATION, DISTRIBUTION, ETC. (IMPRINT) | |
| Place of publication, distribution, etc | New Delhi |
| Name of publisher, distributor, etc | Taxmann Publications |
| Date of publication, distribution, etc | 2016 |
| 270 ## - ADDRESS | |
| Address | 59/32, New Rohtak Road, |
| City | New Delhi |
| Postal code | 110005 |
| Telephone number | +91-11-45562222 |
| Fax number | - |
| Electronic mail address | - |
| 300 ## - PHYSICAL DESCRIPTION | |
| Extent | I-28,1607p. |
| Dimensions | 25cm(pbk) |
| 700 ## - ADDED ENTRY--PERSONAL NAME | |
| Personal name | Singhania, Kapil |
| 942 ## - ADDED ENTRY ELEMENTS (KOHA) | |
| Source of classification or shelving scheme | Dewey Decimal Classification |
| Item type | English Books |
| Call number suffix | SIN |
| Classification part | 343.5404 |
| Withdrawn status | Lost status | Not for loan | Collection code | Home library | Current library | Date acquired | Source of acquisition | Cost, normal purchase price | Full call number | Barcode | Copy number | Cost, replacement price | Koha item type |
|---|---|---|---|---|---|---|---|---|---|---|---|---|---|
| Non-fiction | Ashok Vihar | Ashok Vihar | 01/06/2017 | BPPD/EN/2015-16/AV/16-17/410/15.2.2017/IN1434/7.3.2017/ 10.3.2017 | 1275.00 | 343.5404 SIN | B-666067 | 1 | 1275.00 | English Books |
